The Big Board: Holidays Quiz Stats

 Plays Quiz Updated Aug 5, 2017

Support Sporcle.
Go Orange.
Score 0/36 Timer 07:00
1 Play Today
Hint Answer % Correct
Name the movie that inspired each of these holiday sweaters.
100%
Identify the Marvel character from each child's Halloween costume.
99.8%
Solve each pictogram that depicts a Thanksgiving-related term.
99.8%
Answer the trivia questions related to holiday baked goods.
99.8%
Identify each of these (in)famous holiday film villains.
99.8%
Name the TV show that spawned each of these invented holidays.
99.8%
Cornbread
92.1%
Football
90.7%
Star Wars
90.1%
The Grinch
89.3%
Pecan Pie
84.3%
Elf
83.8%
Gingerbread
83.7%
Ebenezer Scrooge
81.9%
Thor
80.9%
Germany
76.9%
Deadpool
73.2%
Star Trek
70.9%
Hint Answer % Correct
Black Friday
70.4%
Wolverine
66.9%
The Big Lebowski
66%
Groot
65.8%
Home Alone
65.8%
Seinfeld
62.3%
We Wish You a Merry Christmas
61.4%
Passover
57.4%
Futurama
52%
Parks and Recreation
52%
Mean Girls
42.5%
Hans Gruber
42.1%
The Simpsons
39.8%
Elektra
35.1%
King Cake
33.6%
Pilgrim
28.7%
Heat Miser
25.8%
Oogie Boogie
24.6%

You're not logged in!

Compare scores with friends on all Sporcle quizzes.
OR
Log In
Forgot?

From the Vault

Symbols in Writing

by RobPro

There is something quite symbolic about this quiz, we just can't quite put our finger on it.
Remove Ads.
Support Sporcle.
Get the best of Sporcle when you Go Orange. This ad-free experience offers more features, more stats, and more fun while also helping to support Sporcle. Thank you for becoming a member.

Show Comments

Extras

Top Quizzes Today


Score Distribution

Your Account Isn't Verified!

In order to create a playlist on Sporcle, you need to verify the email address you used during registration. Go to your Sporcle Settings to finish the process.

Report this User

Report this user for behavior that violates our Community Guidelines.

Details: